Alle League of Legends champions - Statistiken

Allgemein
  • Dieses Quiz wurde 606 mal gespielt
  • Das Durchschnittsergebnis liegt bei 78 aus 161
Antwortstatistiken
Champions % Korrekt
Aatrox
83%
Darius
80%
Vi
80%
Ahri
77%
Jinx
76%
Garen
74%
Lux
74%
Zed
73%
Annie
72%
Ashe
70%
Blitzcrank
69%
Yasuo
69%
Caitlyn
68%
Anivia
67%
Akali
65%
Heimerdinger
65%
Fizz
64%
Lulu
64%
Yone
64%
Braum
63%
Aurelion Sol
62%
Miss Fortune
62%
Alistar
61%
Draven
61%
Kai Sa
61%
Thresh
61%
Azir
59%
Leona
59%
Master Yi
59%
Nautilus
59%
Sett
59%
Teemo
59%
Tristana
57%
Yuumi
57%
Jhin
56%
Amumu
55%
Bard
55%
Brand
55%
Gangplank
55%
Lucian
55%
Viktor
55%
Cho Gath
54%
Ekko
54%
Katarina
54%
Senna
54%
Aphelios
53%
Kha Zix
53%
Ornn
53%
Vayne
53%
Warwick
53%
Morgana
52%
Rakan
52%
Sion
52%
Irelia
51%
Janna
51%
Jayce
51%
Maokai
51%
Pyke
51%
Soraka
51%
Xayah
51%
Fiora
50%
Jax
50%
Kayle
50%
Nasus
50%
Rengar
50%
Sona
50%
Urgot
50%
Akshan
49%
Bel Veth
49%
Nami
49%
Varus
49%
Vel koz
49%
Diana
48%
Lee Sin
48%
Malphite
48%
Mordekaiser
48%
Rek Sai
48%
Renekton
48%
Xerath
48%
Zac
48%
Zyra
48%
Gragas
47%
Hecarim
47%
Samira
47%
Veigar
47%
Elise
46%
Sejuani
46%
Gnar
45%
Ivern
45%
Jarvan IV
45%
Kassadin
45%
Volibear
45%
Corki
44%
Evelynn
44%
Fiddlesticks
44%
Galio
44%
Yorick
44%
Ziggs
44%
Zoe
44%
kayn
43%
Lissandra
43%
Seraphine
43%
Sivir
43%
Graves
42%
Illaoi
42%
Kalista
42%
Olaf
42%
Rammus
42%
Riven
42%
Shen
42%
Talon
42%
Tryndamere
42%
Twitch
42%
Zeri
42%
Dr Mundo
41%
Kennen
41%
Orianna
41%
Pantheon
41%
Shaco
41%
Zilean
41%
Camille
40%
Cassiopeia
40%
Karma
40%
Poppy
40%
Quinn
40%
Twisted Fate
40%
Udyr
40%
Kled
39%
Kog Maw
39%
Leblanc
39%
Singed
39%
Sylas
39%
Syndra
39%
Nidalee
38%
Rumble
38%
Taric
38%
Viego
38%
Ezrael
37%
Neeko
37%
Nocturne
37%
Nunu & Willump
37%
Karthus
36%
Lillia
36%
Malzahar
36%
Rell
35%
Swain
35%
Gwen
34%
Kindred
34%
Ryze
34%
Vex
33%
Vladimir
33%
Nilah
31%
Qiyana
31%
Renata Glasc
31%
Wukong
31%
Xin Zhao
31%
Shyvana
30%
Tahm Kench
29%
Skarner
26%
Trundle
26%
Taliyah
22%
Keine übereinstimmenden Quizze gefunden
Verteilung der Resultate
Anzahl Personen mit jedem Resultat
Perzentil nach korrekt beantworteten Fragen
Ihre Resultats-Entwicklung
Sie haben dieses Quiz noch nicht gespielt